Capital Allocation and Value Creation: A Market Based Framework for Executives (Record no. 43473)
[ view plain ]
| 000 -LEADER | |
|---|---|
| fixed length control field | 00472nam a22001697a 4500 |
| 005 - DATE AND TIME OF LATEST TRANSACTION | |
| control field | 20250416172221.0 |
| 008 - FIXED-LENGTH DATA ELEMENTS--GENERAL INFORMATION | |
| fixed length control field | 250328b |||||||| |||| 00| 0 eng d |
| 020 ## - INTERNATIONAL STANDARD BOOK NUMBER | |
| International Standard Book Number | 9783031470479 |
| 041 ## - LANGUAGE CODE | |
| Language code of text/sound track or separate title | eng |
| 082 ## - DEWEY DECIMAL CLASSIFICATION NUMBER | |
| Classification number | 332.63 ARE |
| 100 ## - MAIN ENTRY--PERSONAL NAME | |
| Author | Arenbo, Torbjorn |
| 245 ## - TITLE STATEMENT | |
| Title | Capital Allocation and Value Creation: A Market Based Framework for Executives |
| 260 ## - PUBLICATION, DISTRIBUTION, ETC. | |
| Place | Singapore |
| Publisher | Palgrave Macmillan |
| Publication Year | 2023 |
| 300 ## - PHYSICAL DESCRIPTION | |
| Extent | 231;. pages: 21 cm |
| 650 ## - SUBJECT ADDED ENTRY--TOPICAL TERM | |
| Subject | Finance |
| 942 ## - ADDED ENTRY ELEMENTS (KOHA) | |
| Koha item type | Books |
| Withdrawn status | Lost status | Source of classification or shelving scheme | Damaged status | Not for loan | Home library | Current library | Shelving location | Accession Date | Vendor | Price | Bill number | Total Checkouts | Full call number | Barcode No | Date due | Date last seen | Date last checked out | Discount | Bill Date | Koha item type | Suggested By |
|---|---|---|---|---|---|---|---|---|---|---|---|---|---|---|---|---|---|---|---|---|---|
| Dewey Decimal Classification | IMTN | IMTN | Rack 11-B | 03/26/2025 | Raghav Books Private Limited | 4659.07 | 2374 | 1 | 332.63 ARE | 33906 | 07/13/2025 | 07/03/2025 | 07/03/2025 | 33 | 02/14/2025 | Books | Madhsvi Kumari (2024530) |